Les dictateurs du XXe siècle. - Statistiques

Statistiques générales
  • Ce quiz a été pris 2 992 fois
    2 733 depuis la dernière actualisation
  • Le résultat moyen est 8 sur 12
Statistiques - réponses
Par images Hint Réponse % Correct
URSS Joseph Staline
100%
Allemagne Adolf Hitler
93%
Chine Mao Zedong
91%
Italie Benito Mussolini
90%
Espagne Francisco Franco
86%
Corée du Nord Kim Il-sung
82%
Yougoslavie Josip Broz Tito
57%
Cambodge Pol Pot
56%
Portugal António de Oliveira Salazar
45%
Serbie Slobodan Milosevic
24%
Rep.Centrafricaine Jean-Bedel Bokassa
23%
Albanie Enver Hoxha
13%
Aucun quiz correspondant
Distribution des résultats
% des personnes avec chaque résultat
Percentile par nombre de réponses
Votre historique - résultats
Vous n’avez pas pris ce quiz depuis la dernière actualisation